000
00336nam a22001457a 4500
008
210301b ||||| |||| 00| 0 eng d
020
_a
9780077553920
041
_a
eng
080
_2
6th
_a
611
082
_a
611
100
_a
6
101
_a
ANA
245
_a
Anatomy Phisiology The unity of form and function
_c
MAC
942
_2
udc
_c
BK
999
_c
55381
_d
55381